| Tag |
First Indicator |
Second Indicator |
Subfields |
| LEADER |
00000pam a2200000 i 4500 |
| 001 |
in00000544607 |
| 005 |
20151014051314.0 |
| 008 |
751007s1975 nyu b 00110 eng |
| 010 |
|
|
|a 75033893
|
| 020 |
|
|
|a 0804670986 :
|c $15.00
|
| 035 |
|
|
|a (OCoLC)01818480
|
| 035 |
|
|
|9 ACJ3608AM
|
| 040 |
|
|
|a DLC
|c DLC
|d TXA
|d UtOrBLW
|
| 043 |
|
|
|a n-us---
|a n-us-ma
|
| 049 |
|
|
|a TXAM
|
| 050 |
0 |
0 |
|a KF5407
|b .J6
|
| 082 |
0 |
|
|a 342/.73/066
|
| 100 |
1 |
|
|a Jowell, Jeffrey L.
|
| 245 |
1 |
0 |
|a Law and bureaucracy :
|b administrative discretion and the limits of legal action /
|c Jeffrey L. Jowell.
|
| 264 |
|
1 |
|a New York :
|b Dunellen Pub. Co. ;
|c [1975]
|
| 264 |
|
2 |
|a Port Washington, N.Y. :
|b Distributed by Kennikat Press,
|
| 264 |
|
4 |
|c ©1975
|
| 300 |
|
|
|a 214 pages ;
|c 23 cm.
|
| 336 |
|
|
|a text
|b txt
|2 rdacontent
|
| 337 |
|
|
|a unmediated
|b n
|2 rdamedia
|
| 338 |
|
|
|a volume
|b nc
|2 rdacarrier
|
| 490 |
0 |
|
|a University Press of Canbridge, Mass. series in the social sciences
|
| 504 |
|
|
|a Includes bibliographical references and index.
|
| 650 |
|
0 |
|a Administrative discretion
|z United States.
|
| 650 |
|
0 |
|a Administrative discretion
|z Massachusetts
|z Boston.
|
| 999 |
|
|
|a MARS
|
| 999 |
f |
f |
|s 8634e883-f8a8-3d17-b393-4a2f1b518daf
|i 6cd3c504-34a3-3235-86c3-42c28949553a
|t 0
|
| 952 |
f |
f |
|p ric
|a Texas A&M University
|b Rellis Campus
|c Joint Library Facility
|d Remote Storage
|t 0
|e KF5407 .J6
|h Library of Congress classification
|i unmediated -- volume
|m A14803188074
|
| 998 |
f |
f |
|a KF5407 .J6
|t 0
|l Remote Storage
|